| 000 | 00509nam a22001697a 4500 | ||
|---|---|---|---|
| 005 | 20260116101540.0 | ||
| 020 | _a9783319175652 | ||
| 100 |
_aJeribi, Aref _98040 |
||
| 245 | _aSpectral theory and applications of linear operators and block operator matrices | ||
| 260 |
_aNew York _bSpringer _c2015 |
||
| 300 | _axvi+599 | ||
| 650 |
_aFredholm operator _98041 |
||
| 650 |
_aPseudospectrum _98042 |
||
| 650 |
_aCauchy problem _98043 |
||
| 856 | _uhttps://doi.org/10.1007/978-3-319-17566-9 | ||
| 942 |
_2ddc _cBK |
||
| 999 |
_c755124 _d755124 |
||